Fisiología celular / (Record no. 123991)

MARC details
000 -LEADER
campo de control de longitud fija 00744nam a2200229 i 4500
001 - NÚMERO DE CONTROL
campo de control 123991
003 - IDENTIFICADOR DE NÚMERO DE CONTROL
campo de control ES-MaACL
005 - FECHA Y HORA DE LA ÚLTIMA TRANSACCIÓN
campo de control 20230906192306.0
007 - CAMPO FIJO DE DESCRIPCIÓN FÍSICA--INFORMACIÓN GENERAL
campo de control de longitud fija t|
008 - DATOS DE LONGITUD FIJA--INFORMACIÓN GENERAL
campo de control de longitud fija 070214s1981 sp a |||| | spa d
100 1# - ENTRADA PRINCIPAL--NOMBRE DE PERSONA
Nombre de persona Ramírez Zea, Antonio.
9 (RLIN) 95183
245 10 - MENCIÓN DEL TÍTULO
Título Fisiología celular /
Mención de responsabilidad, etc. por Antonio Ramírez Zea, Rogelio Abad Cerdán, José M. García Torres.
260 ## - PUBLICACIÓN, DISTRIBUCIÓN, ETC.
Lugar de publicación, distribución, etc. Almería :
Nombre del editor, distribuidor, etc. Equipo de Ciencias Naturales Los Filabres,
Fecha de publicación, distribución, etc. 1981.
300 ## - DESCRIPCIÓN FÍSICA
Extensión 37 p. :
Otras características físicas il. ;
Dimensiones 30 cm.
490 1# - MENCIÓN DE SERIE
Mención de serie Serie didáctica
650 #4 - PUNTO DE ACCESO ADICIONAL DE MATERIA--TÉRMINO DE MATERIA
Término de materia o nombre geográfico como elemento de entrada Fisiología.
9 (RLIN) 136120
700 1# - ENTRADA AGREGADA--NOMBRE PERSONAL
Nombre de persona Abad, Rogelio,
Fechas asociadas al nombre 1955-
9 (RLIN) 226343
700 1# - ENTRADA AGREGADA--NOMBRE PERSONAL
Nombre de persona García Torres, José M.
9 (RLIN) 55337
830 0# - PUNTO DE ACCESO ADICIONAL DE SERIE-TÍTULO UNIFORME
Título uniforme Serie didáctica
9 (RLIN) 182318
852 ## - LOCALIZACIÓN
Ubicación ES-MaACL
Número de control de estantería 2119-F-20
Holdings
Estatus retirado Estado de pérdida Estado de daño No para préstamo Colección Biblioteca de origen Biblioteca actual Ubicación en estantería Fecha de adquisición Fuente de adquisición Total de préstamos Signatura topográfica completa Código de barras Visto por última vez Precio de reemplazo Tipo de ítem Koha
        Colección de folletos Biblioteca del Ateneo de Madrid Biblioteca del Ateneo de Madrid Depósito folletos 17/01/2008     2119-F-20 1129179 23/02/2023 23/02/2023 Folleto